Detalles MARC
| 000 -LEADER |
| longitud fija campo de control |
01299nam a22002897a 4500 |
| 003 - IDENTIFICADOR DE NUMERO DE CONTROL |
| control del campo |
AR-RoUNA |
| 005 - FECHA DE LA ULTIMA MODIFICACION |
| control del campo |
20260408062853.0 |
| 040 ## - ORIGEN DE LA CATALOGACION |
| Agencia que cataloga la obra original |
AR-RoUNA |
| Idioma en que se cataloga |
spa |
| Entidad que modifico el registro |
AR-RoUNA |
| 041 ## - CODIGO DE IDIOMA |
| Codigo de idioma del texto / sonido o titulo separado |
spa |
| Codigo de idioma de la traduccion original y / o intermedios de texto |
spa |
| 044 ## - CODIGO DE PAIS / ENTIDAD PRODUCTORA |
| Codigo MARC del pais |
ag |
| 100 1# - ASIENTO PRINCIPAL - NOMBRE PERSONAL |
| Nombre personal |
Strembel Sourigues,Carlos A. |
| 9 (RLIN) |
27635 |
| 245 10 - TITULO PROPIAMENTE DICHO |
| Titulo |
Analisis sobre ciertas formas de control municipal : |
| Subtitulo |
propuesta de control aleatorio / |
| Mencion de responsabilidad, etc |
Dr.Carlos A. Strembel Sourigues |
| 260 ## - EDITORIAL - PUBLICACION, DISTRIBUCION, ETC. (Pie de imprenta) |
| Lugar de publicacion, distribucion, etc |
Rosario (Santa Fe, Argentina) : |
| Nombre del editor, distribuidor, etc |
Secretaria de Obras Publicas, |
| Fecha de publicacion |
1989 |
| 300 ## - DESCRIPCION FISICA |
| Extension |
[s.p] |
| Dimensiones |
28x22 cm |
| 520 3# - NOTA DE RESUMEN |
| Nota de resumen, etc. |
El autor se apoya en el pensamiento clasico de la administracion (Henry Fayol) para explicar que la administrar implica preveer, organizar dirigir y controlar. Donde el texto sostiene que el control administrativo es un instrumento fundamental para garantizar la eficiencia, el aprendizaje institucional y la correcta relacion entre el Estado municipal y la sociedad. |
| 650 #4 - MATERIA - TERMINO TEMATICO |
| Término temático general |
Administracion publica |
| 650 #4 - MATERIA - TERMINO TEMATICO |
| Término temático general |
Administracion municipal |
| 650 #4 - MATERIA - TERMINO TEMATICO |
| Término temático general |
Planificacion administrativa |
| 650 #4 - MATERIA - TERMINO TEMATICO |
| Término temático general |
Getion publica |
| 651 #0 - MATERIA - NOMBRE GEOGRAFICO |
| Termino geografico |
Rosario (Santa Fe, Argentina) |
| 9 (RLIN) |
1246 |
| 653 ## - MATERIA - PALABRAS CLAVES |
| Palabras claves |
Control administrativo |
| 908 ## - SOPORTE |
| Soporte |
Imp |
| 930 ## - ACCESION |
| Numero de accesion (NR) |
12302 |
| 942 ## - FUENTE DE CLASIFICACION |
| Clasificacion |
Dewey Decimal Classification |
| Tipo de item |
Folleto |
| 945 ## - INFORMACION DE PROCESAMIENTO |
| Codigo del operador |
MIA |
| Fecha de ingreso o modificacion |
2026-03-11 |
| 980 ## - DECLARACIÓN DE EQUIVALENCIA O SERIE DE REFERENCIA CRUZADA - NOMBRE / TÍTULO PERSONAL [LOCAL, CANADÁ] |
| Código del operador |
1 |
| Nombre del operador |
Maricel Allasia |
| Código del operador que modifico el registro |
|
| Nombre del operador que modifico el registro |
CRON CRON |